00272nam a2200109Ia 4500008004100000082001000041100001600051245002900067260000800096630002900104730002900133100328s9999 xx 000 0 und d b54424 aMathur N.L. aRed Fort and Mughal Life b--- aRed Fort and Mughal Life aRed Fort and Mughal Life